Score 0/20 Timer 03:00
0 Plays Today
Mythical Creature Missing Word % Correct
DragonTattoo
96.6%
DevilWears
95.8%
VampireBuffy
95.2%
DragonTiger
94.9%
DragonTrain
93.1%
WerewolfAmerican
82.8%
VampireInterview
82.3%
WerewolfMy
78.5%
WerewolfCried
72.5%
DevilDead
68.1%
Mythical Creature Missing Word % Correct
VampireHunter
67.7%
WerewolfTeenage
64.3%
DragonPete
50.3%
WerewolfNight
46.1%
DevilDaniel
40.1%
DragonEnter
38.1%
VampireFreak
26.2%
DevilSaw
16.9%
DevilBrother
16.3%
VampireSuck
14.4%

Today's Daily Dose

Remove Ads.
Support Sporcle.
Get the best of Sporcle when you Go Orange. This ad-free experience offers more features, more stats, and more fun while also helping to support Sporcle. Thank you for becoming a member.

You're not logged in!

Compare scores with friends on all Sporcle quizzes.
OR
Log In

Show Comments

Extras

Top Quizzes Today


Score Distribution

Your Account Isn't Verified!

In order to create a playlist on Sporcle, you need to verify the email address you used during registration. Go to your Sporcle Settings to finish the process.

Report this User

Report this user for behavior that violates our Community Guidelines.

Details: